Drapeaux et symbolique #1 : Mozambique - Statistiques

Statistiques générales
  • Ce quiz a été pris 20 fois
  • Le résultat moyen est 4 sur 9
Statistiques - réponses
Éléments Symbolisme % Correct
Vert La richesse du sol, les richesses agricoles
84%
Houe L'agriculture, la production
63%
Blanc La paix, la justice
63%
Rouge La résistance au colonialisme, le combat du peuple pour l'indépendance
63%
Etoile La solidarité, le socialisme
53%
Livre L'éducation
53%
Noir Le continent africain
26%
AK-47 La détermination du peuple à protéger sa liberté
21%
Jaune La richesse du sous sol, les richesses minérales
5%
Aucun quiz correspondant
Distribution des résultats
% des personnes avec chaque résultat
Percentile par nombre de réponses
Votre historique - résultats
Vous n’avez pas pris ce quiz